| Tag |
First Indicator |
Second Indicator |
Subfields |
| LEADER |
00000cam a2200000 a 4500 |
| 001 |
in00000009813 |
| 005 |
20151007051550.0 |
| 008 |
860109m19869999paua b 10010 eng |
| 010 |
|
|
|a 86080028
|
| 020 |
|
|
|a 0932871135 (pbk.)
|
| 035 |
|
|
|a (OCoLC)13575630
|
| 035 |
|
|
|9 AAA3639AM
|
| 040 |
|
|
|a DLC
|c DLC
|d m/c
|d TXA
|d UtOrBLW
|
| 049 |
|
|
|a TXAM
|v 1 [A11030536]
|v 2 [A11030586]
|
| 050 |
0 |
0 |
|a TD5
|b .I547 1986
|
| 082 |
0 |
|
|a 624.1/51
|2 19
|
| 111 |
2 |
|
|a International Symposium on Environmental Geotechnology
|d (1986 :
|c Allentown, Pa.)
|
| 245 |
1 |
0 |
|a International Symposium on Environmental Geotechnology /
|c edited by Hsai-Yang Fang.
|
| 264 |
|
1 |
|a [Allentown, Pa.] :
|b Envo Pub. Co.,
|c 1986-
|
| 300 |
|
|
|a volumes :
|b illustrations ;
|c 28 cm.
|
| 336 |
|
|
|a text
|b txt
|2 rdacontent
|
| 337 |
|
|
|a unmediated
|b n
|2 rdamedia
|
| 338 |
|
|
|a volume
|b nc
|2 rdacarrier
|
| 500 |
|
|
|a Cover title: Environmental geotechnology.
|
| 500 |
|
|
|a "Symposium ... held in the Allentown Hilton Hotel and Conference Center, Allentown, Pennsylvania, April 21-23, 1986, organized by the Geotechnical Engineering Division, Lehigh University, and the International Committee on Environmental Geotechnology"--Title page verso.
|
| 504 |
|
|
|a Includes bibliographies.
|
| 650 |
|
0 |
|a Environmental engineering
|v Congresses.
|
| 650 |
|
0 |
|a Engineering geology
|v Congresses.
|
| 650 |
|
0 |
|a Refuse and refuse disposal
|x Environmental aspects
|x Congresses.
|
| 650 |
|
0 |
|a Factory and trade waste
|x Environmental aspects
|x Congresses.
|
| 650 |
|
0 |
|a Soil mechanics
|v Congresses.
|
| 650 |
|
0 |
|a Rock mechanics
|v Congresses.
|
| 700 |
1 |
|
|a Fang, Hsai-Yang.
|
| 710 |
2 |
|
|a Lehigh University.
|b Geotechnical Engineering Division.
|
| 710 |
2 |
|
|a International Committee on Environmental Geotechnology.
|
| 740 |
0 |
|
|a Environmental geotechnology.
|
| 999 |
|
|
|a MARS
|
| 999 |
f |
f |
|s e3789532-93ee-3964-afff-cbea3fca4ae8
|i c8c649e0-df1d-3f20-a5ca-e580e8275e97
|t 0
|
| 952 |
f |
f |
|p normal
|a Texas A&M University
|b College Station
|c Sterling C. Evans Library
|d Evans: Library Stacks
|t 0
|e TD5 .I547 1986
|h Library of Congress classification
|i unmediated -- volume
|k v.2
|m A14811030586
|
| 952 |
f |
f |
|p normal
|a Texas A&M University
|b College Station
|c Sterling C. Evans Library
|d Evans: Library Stacks
|t 0
|e TD5 .I547 1986
|h Library of Congress classification
|i unmediated -- volume
|k v.1
|m A14811030536
|
| 998 |
f |
f |
|a TD5 .I547 1986
|s v.1-v.2
|t 0
|l Evans: Library Stacks
|